000
00313nam a22001337a 4500
008
171024b xxu||||| |||| 00| 0 eng d
020
_a
0878721428
041
_a
eng
080
_2
3RD
_a
311
100
_a
55
101
_a
STA
245
_a
STATISTICS FOR MANAGEMENT AND ECONOMICS
_c
MENDENHALL,W
942
_2
udc
_c
BK
999
_c
35753
_d
35753